Statistiken für TOP 3 bevölkerungsreichste Städte je Kanton Teil 1 (1-13)

Klicken Sie hier um das Quiz zu spielen!

Allgemein

  • Dieses Quiz wurde 30 mal gespielt
  • Das Durchschnittsergebnis liegt bei 14 aus 39

Antwortstatistiken

KNKanton (Deutsch/Schweizerdeutsch)EinwohnerStadt% Korrekt
1Zürich/Züri409241Zürich
100%
2Bern/Bärn133798Bern
86%
12Basel-Stadt/Baaselstadt171513Basel
79%
3Luzern/Lozäärn81401Luzern
79%
9Zug/Zùùg30205Zug
71%
10Freiburg/Frybùrg38521Freiburg
68%
11Solothurn/Soledùùrn16703Solothurn
68%
2Bern/Bärn43743Thun
68%
2Bern/Bärn54640Biel
50%
8Glarus/Glaris, Glarnerland12521Glarus
50%
5Schwyz15000Schwyz
46%
1Zürich/Züri34516Uster
46%
4Uri/Üüri, Ürnerland9273Altdorf
43%
3Luzern/Lozäärn30682Emmen
43%
11Solothurn/Soledùùrn18389Olten
43%
3Luzern/Lozäärn26997Kriens
39%
7Nidwalden/Nidwaudä8411Stans
36%
9Zug/Zùùg24322Baar
32%
9Zug/Zùùg16571Cham
32%
8Glarus/Glaris, Glarnerland18247Glarus Nord
32%
6Obwalden/Obwaldä10236Sarnen
32%
5Schwyz15550Einsiedeln
29%
10Freiburg/Frybùrg22709Bulle
21%
8Glarus/Glaris, Glarnerland9581Glarus Süd
21%
11Solothurn/Soledùùrn17140Grenchen
21%
13Basel-Landschaft/Baaselbiet17805Muttenz
21%
12Basel-Stadt/Baaselstadt21244Riehen
18%
13Basel-Landschaft/Baaselbiet20913Allschwil
14%
5Schwyz16269Freienbach
14%
1Zürich/Züri110912Wintherthur
14%
7Nidwalden/Nidwaudä5409Buochs
11%
7Nidwalden/Nidwaudä5715Hergiswil
11%
13Basel-Landschaft/Baaselbiet19144Reinach
11%
4Uri/Üüri, Ürnerland5382Schattdorf
11%
12Basel-Stadt/Baaselstadt1151Bettingen
7%
6Obwalden/Obwaldä6295Kerns
7%
6Obwalden/Obwaldä6024Alpnach
4%
4Uri/Üüri, Ürnerland3982Bürglen
0%
10Freiburg/Frybùrg12114Villars-sur-Glâne
0%

Verteilung der Resultate

Perzentil nach korrekt beantworteten Fragen

Anzahl Personen mit jedem Resultat

Ihre Resultats-Entwicklung

Sie haben dieses Quiz noch nicht gespielt